<?xml version="1.0" encoding="UTF-8"?>
<collection xmlns="http://www.loc.gov/MARC21/slim">
    <record>
        <controlfield tag="001">46535</controlfield>
        <controlfield tag="005">20160610090722.0</controlfield>
        <datafield tag="037" ind1=" " ind2=" ">
            <subfield code="a">GDOC-2010-0992</subfield>
        </datafield>
        <datafield tag="041" ind1=" " ind2=" ">
            <subfield code="a">spa</subfield>
        </datafield>
        <datafield tag="100" ind1=" " ind2=" ">
            <subfield code="9"></subfield>
            <subfield code="a"></subfield>
        </datafield>
        <datafield tag="245" ind1="0" ind2="0">
            <subfield code="9">62531</subfield>
            <subfield code="a">T3-Seguridad en redes inalámbricas</subfield>
        </datafield>
        <datafield tag="260" ind1=" " ind2=" ">
            <subfield code="a">Zaragoza</subfield>
            <subfield code="b">Universidad de Zaragoza</subfield>
            <subfield code="c">2010-2011</subfield>
        </datafield>
        <datafield tag="520" ind1=" " ind2=" ">
            <subfield code="a">Esta asignatura se enmarca dentro de los cursos de Telemática y su objetivo principal es dotar al alumno de conocimientos avanzados en técnicas y servicios de seguridad en comunicaciones inalámbricas, primero desde un punto de vista genérico para a continuación concretar los mismos en distintos casos. - Concienciar al alumno de los diferentes tipos de peligros que pueden aparecer en las comunicaciones. - Describir las técnicas criptográficas disponibles y que permiten implementar los mecanismos de seguridad necesarios para luchar contra los peligros existentes. - Describir técnicas para el desarrollo de protocolos de seguridad y de los procedimientos para valorar el correcto diseño de los mismos. - Describir soluciones existentes a diversos niveles (enlace, red, aplicación) para garantizar implantaciones seguras.</subfield>
        </datafield>
        <datafield tag="521" ind1=" " ind2=" ">
            <subfield code="9">631</subfield>
            <subfield code="a">Máster en Tecnologías de la Información y Comunicación en Redes Móviles</subfield>
        </datafield>
        <datafield tag="540" ind1=" " ind2=" ">
            <subfield code="a">by-nc-sa</subfield>
            <subfield code="b">Creative Commons</subfield>
            <subfield code="c">3.0</subfield>
            <subfield code="u">http://creativecommons.org/licenses/by-nc-sa/3.0/</subfield>
        </datafield>
        <datafield tag="700" ind1=" " ind2=" ">
            <subfield code="a"></subfield>
        </datafield>
        <datafield tag="700" ind1=" " ind2=" ">
            <subfield code="0">(orcid)0000-0002-4888-7734</subfield>
            <subfield code="a">Salazar Riaño, José Luis</subfield>
        </datafield>
        <datafield tag="830" ind1=" " ind2=" ">
            <subfield code="9">373</subfield>
        </datafield>
        <datafield tag="856" ind1="4" ind2=" ">
            <subfield code="s">115336</subfield>
            <subfield code="u">http://zaguan.unizar.es/record/46535/files/guia.pdf</subfield>
        </datafield>
        <datafield tag="980" ind1=" " ind2=" ">
            <subfield code="a">GDOC</subfield>
            <subfield code="b">Ingeniería y Arquitectura</subfield>
            <subfield code="c">106</subfield>
        </datafield>
    </record>

    
</collection>